[Event "O losinského kapra 2015"]
[Site "Kouty nad Desnou"]
[Date "2015.12.12"]
[Round "8"]
[White "Cvek, Robert"]
[Black "Sergeev, Vladimir"]
[Result "1/2-1/2"]
[WhiteElo "2527"]
[BlackElo "2468"]
[PlyCount "35"]
[EventDate "2015.??.??"]

1. c4 Nf6 2. Nc3 c6 3. e3 d5 4. d4 Bg4 5. Nf3 e6 6. h3 Bxf3 7. Qxf3 Nbd7 8. Bd3
Bb4 9. O-O O-O 10. Rd1 Re8 11. Qe2 Qe7 12. Bd2 dxc4 13. Bxc4 e5 14. dxe5 Nxe5
15. Bb3 Rad8 16. Be1 Bd6 17. Bc2 Ng6 18. Qf1 1/2-1/2

[Event "O losinského kapra 2015"]
[Site "Kouty nad Desnou"]
[Date "2015.12.12"]
[Round "8"]
[White "Žilka, Štìpán"]
[Black "Zwardoò, Vojtìch"]
[Result "1/2-1/2"]
[WhiteElo "2504"]
[BlackElo "2500"]
[PlyCount "60"]
[EventDate "2015.??.??"]

1. d4 Nf6 2. Nf3 e6 3. c4 c5 4. d5 b5 5. Bg5 exd5 6. cxd5 d6 7. e4 a6 8. a4 Be7
9. Nbd2 O-O 10. axb5 Nxd5 11. Bc4 Nb6 12. Bxe7 Qxe7 13. O-O Ra7 14. Re1 axb5
15. Rxa7 Qxa7 16. Bxb5 Be6 17. Nb1 d5 18. exd5 Bxd5 19. Nc3 Ba8 20. Qd6 N8d7
21. Bxd7 Nxd7 22. Nb5 Qa5 23. Qxd7 Bxf3 24. Nc3 Ba8 25. h3 g6 26. Rd1 Qb4 27.
Qe7 Qxb2 28. Qxc5 Qc2 29. Qd4 Re8 30. Nd5 Bxd5 1/2-1/2

[Event "O losinského kapra 2015"]
[Site "Kouty nad Desnou"]
[Date "2015.12.12"]
[Round "8"]
[White "Kalod, Radek"]
[Black "Plát, Vojtìch"]
[Result "1-0"]
[WhiteElo "2491"]
[BlackElo "2612"]
[PlyCount "85"]
[EventDate "2015.??.??"]

1. e4 d6 2. d4 Nf6 3. Nc3 Nbd7 4. Nf3 e5 5. g3 Be7 6. Bg2 O-O 7. O-O c6 8. a4
a5 9. Re1 Qc7 10. b3 Re8 11. Bb2 Nf8 12. h3 Ng6 13. Nb1 Bf8 14. Nbd2 b5 15. c4
bxa4 16. Rxa4 Nd7 17. Bc3 exd4 18. Nxd4 Nc5 19. Ra2 Ne5 20. Re3 Bd7 21. Qc2 Nb7
22. Ra1 c5 23. Ne2 Nd8 24. Nf4 Ne6 25. Nd5 Qd8 26. Qb2 Nc6 27. Nf3 Ra7 28. Kh2
Rb7 29. e5 a4 30. exd6 Rxb3 31. Qd2 Qb8 32. Rxa4 Bxd6 33. Ra1 Ncd4 34. Rae1 Nf5
35. Re4 Bc6 36. Ne5 Bxd5 37. cxd5 Ned4 38. Nc6 Bxg3+ 39. Kh1 Rxe4 40. Nxb8
Rxe1+ 41. Qxe1 Bd6 42. Qe8+ Bf8 43. Nd7 1-0

[Event "O losinského kapra 2015"]
[Site "Kouty nad Desnou"]
[Date "2015.12.12"]
[Round "8"]
[White "Šorm, Daniel"]
[Black "Kraus, Tomáš"]
[Result "1/2-1/2"]
[WhiteElo "2346"]
[BlackElo "2348"]
[PlyCount "69"]
[EventDate "2015.??.??"]

1. d4 Nf6 2. c4 g6 3. Nc3 d5 4. cxd5 Nxd5 5. e4 Nxc3 6. bxc3 Bg7 7. Nf3 c5 8.
Be2 O-O 9. O-O cxd4 10. cxd4 Nc6 11. Be3 Bg4 12. d5 Bxf3 13. Bxf3 Na5 14. Rc1
b5 15. Be2 a6 16. Qd2 f5 17. exf5 Rxf5 18. Rfd1 Nb7 19. Bg4 Rf8 20. Be6+ Kh8
21. Bd4 Qd6 22. Rc6 Qf4 23. Qxf4 Rxf4 24. Bxg7+ Kxg7 25. Rc7 Nd6 26. Rxe7+ Kf6
27. Rd7 Ne4 28. Rxh7 Ng5 29. Rc7 Nxe6 30. dxe6 Kxe6 31. Re1+ Kd6 32. Rg7 Rf6
33. h4 Rc8 34. Ra7 Kd5 35. Re2 1/2-1/2

[Event "O losinského kapra 2015"]
[Site "Kouty nad Desnou"]
[Date "2015.12.12"]
[Round "9"]
[White "Velièka, Petr"]
[Black "Krejèí, Jan"]
[Result "1-0"]
[WhiteElo "2405"]
[BlackElo "2527"]
[PlyCount "75"]
[EventDate "2015.??.??"]

1. e4 c5 2. Nf3 d6 3. Bb5+ Nd7 4. d4 cxd4 5. Qxd4 a6 6. Bxd7+ Bxd7 7. O-O e5 8.
Qd3 Nf6 9. Bg5 Be6 10. Nc3 Rc8 11. Rfd1 Be7 12. Bxf6 gxf6 13. Nd5 Rg8 14. c3
Rc6 15. g3 Qd7 16. Nh4 Bd8 17. Ne3 Rg5 18. Nhf5 Be7 19. h4 Rg6 20. c4 Kf8 21.
Rd2 Bd8 22. Nxd6 Ba5 23. Rdd1 Bb6 24. Ndf5 Qxd3 25. Rxd3 Bxc4 26. Nxc4 Rxc4 27.
Rb3 Rc6 28. Kg2 Rg4 29. Kf3 h5 30. Rd1 Ke8 31. Rd6 Bc7 32. Rxc6 bxc6 33. Rb7
Kd7 34. Ra7 Rg8 35. Rxa6 Rb8 36. b3 Rb4 37. Ra8 c5 38. Rf8 1-0

[Event "O losinského kapra 2015"]
[Site "Kouty nad Desnou"]
[Date "2015.12.12"]
[Round "9"]
[White "Banasik, Krzysztof"]
[Black "Žilka, Štìpán"]
[Result "1-0"]
[WhiteElo "2325"]
[BlackElo "2527"]
[PlyCount "61"]
[EventDate "2015.??.??"]

1. e4 e5 2. Nf3 Nc6 3. Bc4 Bc5 4. d3 Nf6 5. c3 a6 6. Bb3 d6 7. Nbd2 O-O 8. O-O
Ba7 9. Re1 Ng4 10. Rf1 Kh8 11. h3 Nh6 12. Nc4 f5 13. Bg5 Qe8 14. Bxh6 gxh6 15.
exf5 Bxf5 16. Nh4 Bd7 17. Ne3 Rf4 18. g3 Rxh4 19. gxh4 Bxh3 20. Qf3 Qg6+ 21.
Kh2 Bxf1 22. Rxf1 e4 23. dxe4 Ne5 24. Qf4 Nd3 25. Qf3 Ne5 26. Qf4 h5 27. Nf5
Qf6 28. f3 Ng6 29. Qg5 Qe5+ 30. f4 Nxf4 31. Qxf4 1-0